Carregant...
The hundred best English essays/
| Format: | Printed Book |
|---|---|
| Idioma: | English |
| Publicat: |
New Delhi:
Atlantic,
1999
|
| LEADER | 00467nam a22001217a 4500 | ||
|---|---|---|---|
| 008 | 151005b xxu||||| |||| 00| 0 eng d | ||
| 082 | |a 808.84 HUN.1 | ||
| 245 | |a The hundred best English essays/ |c edited by the Earl of Birkenhead | ||
| 260 | |a New Delhi: |b Atlantic, |c 1999 | ||
| 300 | |a 438p. | ||
| 942 | |2 ddc |c BK | ||
| 999 | |c 322568 |d 322568 | ||
| 952 | |0 0 |1 0 |2 ddc |4 0 |6 808_840000000000000_HUN_1 |7 0 |9 369020 |a CSC |b CSC |c ST1 |d 2015-10-05 |i 9498 |l 0 |o 808.84 HUN.1 |p CSC9498 |r 2015-10-05 |w 2015-10-05 |y BK | ||